000 01023nam a2200301 c 4500
999 _c343265
_d343265
003 BLK
005 20200428122418.0
008 180911b bul|||||r ||||||| ||bul||
010 _a002926
040 _aBLK
041 _aENG
_cBUL
080 _aМарлоу, Кристофьр
_x92
_z820-1.09820(092)92
100 1 _aMINCOV, Marko
_eпърви автор
_9399675
245 0 0 _aChristopher Marlowe
246 _aA study of his development
260 _aSofia
_c1937
300 _a112 с
_c24 см
380 _a82
490 _aЧастна колекция - Академик Михаил Арнаудов
_gДарение - Основен фонд
500 _aАвтограф с текст: На уважаемия проф. Арнаудов от автора.; Extr. Studia historico-philologia Serdicensia : Т. 1. - 1937.
650 _aБиографии
_9148657
650 _aПисатели
_9166332
655 _aЛитературознание
_9396446
700 1 _aMarco K. Mincoff
_9400204
852 _aМА 4093
_bМА
942 _cKNG
_n0
_s1
944 _aCR
_c1994
999 _d343265
999 _d343265